000 03173cam a2200385 i 4500
001 23216475
003 EG-ScBUE
005 20240304115937.0
008 230706s2024 nyua f b 001 0 eng d
020 _a9780367766702
040 _aDLC
_beng
_erda
_cDLC
_dDLC
_dEG-ScBUE
082 0 4 _a724.7
_222
_bDIG
245 0 0 _aDigital fabrication and the design build studio /
_cedited by William Carpenter, Arief Setiawan and Christopher Welty.
264 1 _aNew York :
_bRoutledge/Taylor & Francis Group,
_c2024.
300 _alix, 192 pages :
_bchiefly illustrations (some color) ;
_c27 cm
336 _atext
_btxt
_2rdacontent
337 _aunmediated
_bn
_2rdamedia
338 _avolume
_bnc
_2rdacarrier
504 _aIncludes bibliographical references and index.
505 2 _aFolding Research into Teaching / Joseph Choma -- Two Scales of Approach, Tulane's Design Build Programs / Byron Mouton & Emilie Taylor Welty -- Digital Fabrication by Kengo Kuma / Kengo Kuma.
520 _a"This book explores the connection between digital fabrication and the design-build studio in both academic and professional studios. The book presents 17 essays and cases studies from well-known scholars and practitioners, including Kengo Kuma, Joseph Choma, Dan Rockhill, Keith Zawistowski & Marie Zawistowski, whose theoretical and practical work addresses design-build at various levels. Four introductory essays trace the history of the design-build movement, exploring the emergence of design-build in the pedagogy of the Bauhaus, the integration of technology into architectural design and the influence of the act of making on the design build studio. The rest of the book is divided into two parts; the first part looks at traditional pedagogical models for the design build studio, and the second part focuses on experimental methods used in design build programs. Together, these works discuss human behavior, social-cultural trends and motivations in socially minded studios which are based on a service-learning model. They look at component-based studios where innovation allows for an increased level of research and testing of new materials and assemblies, sustainable principles and zero energy prototypes. Illustrated with over 200 color images, this book will be valuable resource for architecture students, educators and practitioners seeking to explore the impact of digital fabrication on the global design-build movement"--
_cProvided by publisher.
650 7 _aArchitectural practice
_vCase studies.
_2BUEsh
650 7 _aDesign-build process (Construction industry)
_vCase studies.
_2BUEsh
650 7 _aArchitecture
_xTechnological innovations
_vCase studies.
_2BUEsh
650 7 _aComputer integrated manufacturing systems
_vCase studies.
_2BUEsh
653 _cMarch2024
_bEENERGYY
655 _vReading book
700 1 _aCarpenter, William J.,
_d1962-
_eeditor.
700 1 _aSetiawan, Arief,
_eeditor.
700 1 _aWelty, Christopher,
_eeditor.
906 _a7
_bcbc
_corignew
_d1
_eecip
_f20
_gy-gencatlg
942 _2ddc
_cBB
999 _c30681
_d30652